000 00618nam a2200205 u 4500
005 20230623063609.0
008 150220s2010 r 000 0 eng d
020 _a9786074562491
035 _aUPN01000201888
049 _aI
050 4 _aPZ76.3
_bA4.6732
100 1 _aAlmada Rivero, Marcos
_932691
245 1 0 _aOscar el gran actor /
_cMarcos Almada Rivero.
260 _aMéxico :
_bProgreso,
_c2010.
300 _a[44] p. :
_bprincipalmente il. col
440 0 _aOscar, el tlacuache
650 7 _aAnimales
_vLiteratura infantil
_2
_91061
650 4 _aCuentos infantiles mexicanos
_97723
905 _aInfantil
999 _c173989
_d173989